| 000 | 01151cam a22003137a 4500 | ||
|---|---|---|---|
| 003 | CHAP | ||
| 005 | 20220817041831.0 | ||
| 008 | 971013s1961 r 10010 d | ||
| 010 | _a25964 | ||
| 011 | _a26936 | ||
| 035 | _a31037 | ||
| 040 | _cCHAP | ||
| 082 |
_a630.63 _bC65 1960 |
||
| 111 | 0 | 0 |
_aConferencia Interamericana de Agricultura _n(5 _d: 1960 _c: México, D.F.) _926467 |
| 245 | 0 | _aInforme conjunto de la quinta conferencia... y de la sexta Conferencia Regional para América Latina | |
| 260 |
_a(s.l.) : _bFAO, _c(1961) |
||
| 300 | _a199 P. | ||
| 590 |
_aBATCH-UPD _b10 _c20130110 _lUCH01 _h1009 |
||
| 590 |
_aBATCH-UPD _b10 _c20130410 _lUCH01 _h0618 |
||
| 590 |
_aBATCH-UPD _b10 _c20130913 _lUCH01 _h2031 |
||
| 590 |
_aCONVERSION _b10 _c20130109 _lUCH01 _h1315 |
||
| 650 | 1 | 4 |
_aAgricultura _xCongresos. _91373 |
| 710 | 0 | _aFAO. | |
| 711 | 0 |
_aConferencia Regional de la FAO para América Latina _n(6 : _d1960 : _cMéxico, D.F.) _926577 |
|
| 901 | _aBK | ||
| 942 | _cLIBRO | ||
| 949 |
_a630.63 C65 1960 _bBC _cLIBRO _d33724000031506 _eLIBRO _h19836 _i31037 _mD _si |
||
| 949 |
_a630.63 C65 1960 _bBC _cLIBRO _d33724000031514 _eLIBRO _fC.2 _h19837 _i31037 _mD _si |
||
| 999 |
_c25964 _d25964 |
||